000 00360 a2200157 4500
001 56937
020 _a8527903628
040 _cAnchieta - Pituba
100 _aMichi, Simone M. P.
240 1 0 _aRazanique e o livro de magia
_lpor
245 1 0 _aRazanique e o livro de magia
300 _a256
362 0 _a2004
650 4 _aLiteratura juvenil
942 _cBK
999 _c56937
_d56937